Normal view MARC view
  • chawdhury, Subir

Entry Personal Name

Number of records used in: 1

001 - CONTROL NUMBER

  • control field: 4392

003 - CONTROL NUMBER IDENTIFIER

  • control field: OSt

005 - DATE AND TIME OF LATEST TRANSACTION

  • control field: 20180621102742.0

008 - FIXED-LENGTH DATA ELEMENTS

  • fixed length control field: 180621|| aca||aabn | a|a d

040 ## - CATALOGING SOURCE

  • Original cataloging agency: OSt
  • Transcribing agency: OSt

100 ## - HEADING--PERSONAL NAME

  • Personal name: chawdhury, Subir

670 ## - SOURCE DATA FOUND

  • Source citation: Work cat.: (OSt)3059: chawdhury, Subir, Management 21C, 2003